| 000 | 00414pab a2200157 454500 | ||
|---|---|---|---|
| 008 | 180718b2017 xxu||||| |||| 00| 0 eng d | ||
| 100 | _aSaha, Shreya | ||
| 245 | _aInterrogating development and its consequences in the Gond heartland, Bastar | ||
| 260 | _c2017 | ||
| 300 | _ap.253-265. | ||
| 362 | _aJul-Sep | ||
| 650 | _aIndustrialization | ||
| 650 | _aTribes | ||
| 773 | _aSocial Action | ||
| 909 | _a115650 | ||
| 999 |
_c115644 _d115644 |
||